[Event "Tournoi Skype 030A"]
[Site "Skype"]
[Date "????.??.??"]
[Round "9.2"]
[White "Rico Hernandez, Edgar"]
[Black "Deville, Olivier"]
[Result "1-0"]
[WhiteElo "1748"]
[BlackElo "1767"]
[PlyCount "49"]

1. d4 Nf6 2. c4 e6 3. Nc3 Bb4 4. Qc2 c5 5. dxc5 O-O 6. Bf4 Na6 7. Bd6 Re8 8. a3
Qa5 9. Rc1 Bxc3+ 10. Qxc3 Qxc3+ 11. Rxc3 Ne4 12. Rc1 Naxc5 13. Bxc5 Nxc5 14. b4
Na4 15. Nf3 a5 16. e3 b6 17. Be2 axb4 18. axb4 Bb7 19. O-O Rec8 20. Nd4 g6 21.
h3 Kf8 22. Rfd1 Ke7 23. Rc2 Be4 24. Rcc1 Ra7 25. Nb5 1-0

[Event "Tournoi Skype 030A"]
[Site "Skype"]
[Date "????.??.??"]
[Round "9.3"]
[White "Elias, Roberto"]
[Black "Mayor Martinez, Juan Jose"]
[Result "1-0"]
[WhiteElo "1671"]
[BlackElo "1749"]
[PlyCount "101"]

1. c4 c5 2. Nc3 Nc6 3. g3 e6 4. Bg2 Qc7 5. d3 a6 6. Bf4 d6 7. e4 Nf6 8. Nge2 e5
9. Bg5 Nd4 10. Bxf6 Nxe2 11. Nd5 Qa5+ 12. Kxe2 gxf6 13. Nxf6+ Kd8 14. Qd2 Qxd2+
15. Kxd2 Bh6+ 16. Kc2 Be6 17. Rhf1 Ke7 18. Nd5+ Bxd5 19. exd5 Rhg8 20. Be4 Rg7
21. Rae1 f6 22. a3 a5 23. Bf5 b6 24. Rb1 Kf8 25. b4 axb4 26. axb4 Rga7 27. bxc5
bxc5 28. Rb2 Ra2 29. Rfb1 Kg8 30. Kd1 Bg7 31. Rb8+ Rxb8 32. Rxb8+ Bf8 33. Ke1
Ra1+ 34. Ke2 Ra2+ 35. Kf3 h6 36. Be6+ Kg7 37. Rb7+ Kg6 38. h4 h5 39. Bf7+ Kh6
40. Be6 Kg6 41. Rd7 Rd2 42. Bf7+ Kh6 43. Ke3 Ra2 44. f4 Rg2 45. Kf3 Rd2 46.
fxe5 fxe5 47. Ke4 Rf2 48. Be6 Re2+ 49. Kf3 Rd2 50. Bf5 e4+ 51. Bxe4 1-0

[Event "Tournoi Skype 030A"]
[Site "Skype"]
[Date "????.??.??"]
[Round "9.4"]
[White "Grosso, Raul"]
[Black "Blasco, Raul"]
[Result "1-0"]
[WhiteElo "1746"]
[BlackElo "1978"]
[PlyCount "41"]

1. d4 c5 2. d5 Nf6 3. c4 b5 4. cxb5 a6 5. bxa6 g6 6. Nc3 Bxa6 7. e4 Bxf1 8.
Kxf1 d6 9. g3 Bg7 10. Kg2 O-O 11. Nf3 Nbd7 12. a4 Nb6 13. Qc2 Nfd7 14. Nd2 f5
15. a5 Ne5 16. f4 Nec4 17. Nxc4 Nxc4 18. Ra4 Nxa5 19. Bd2 Qb6 20. Rha1 Qb7 21.
Rxa5 1-0

[Event "Tournoi Skype 030A"]
[Site "Skype"]
[Date "????.??.??"]
[Round "9.5"]
[White "Casey, Eamonn"]
[Black "Calcino, Luis"]
[Result "1/2-1/2"]
[WhiteElo "1538"]
[BlackElo "1694"]
[PlyCount "47"]

1. d4 Nf6 2. c4 e6 3. Nf3 d5 4. Bg5 Be7 5. Nc3 c6 6. cxd5 exd5 7. e3 h6 8. Bh4
Nbd7 9. Bd3 Nh5 10. Bxe7 Qxe7 11. O-O Nhf6 12. Re1 Ne4 13. Bxe4 dxe4 14. Nd2
Nf6 15. Nc4 Qb4 16. Qa4 Qxa4 17. Nxa4 b5 18. Nd6+ Ke7 19. Nxc8+ Raxc8 20. Nc5
Rhd8 21. Rac1 Kf8 22. Nb7 Rd7 23. Nc5 Rdc7 24. Na6 1/2-1/2

[Event "Tournoi Skype 030A"]
[Site "Skype"]
[Date "????.??.??"]
[Round "9.6"]
[White "Garcia Andrinal, Antonio"]
[Black "Mishra, Sourabh"]
[Result "1-0"]
[WhiteElo "1632"]
[BlackElo "1284"]
[PlyCount "35"]

1. e4 c5 2. Nf3 d6 3. d4 cxd4 4. Nxd4 Nf6 5. Nc3 a6 6. Bg5 Nbd7 7. Bc4 e6 8.
Bb3 Be7 9. Bxe6 fxe6 10. Nxe6 Qa5 11. O-O Kf7 12. Bxf6 Nxf6 13. Nf4 Rf8 14.
Nfd5 Nxd5 15. Nxd5 Be6 16. Qh5+ Kg8 17. Nxe7+ Kh8 18. Qxa5 1-0

[Event "Tournoi Skype 030A"]
[Site "Skype"]
[Date "????.??.??"]
[Round "9.7"]
[White "Gungor, Gokhan"]
[Black "Alarcon Alarcon, Florentina"]
[Result "1-0"]
[WhiteElo "1579"]
[BlackElo "1378"]
[PlyCount "61"]

1. e4 e5 2. Bc4 Nf6 3. d3 Be7 4. f4 d6 5. Nf3 exf4 6. Bxf4 O-O 7. Nc3 c6 8. Qd2
Be6 9. Bxe6 fxe6 10. e5 Nd5 11. Nxd5 exd5 12. O-O-O dxe5 13. Bxe5 Nd7 14. Kb1
Nxe5 15. Nxe5 a5 16. Rdg1 Qc7 17. Nf3 Bf6 18. h4 Qb6 19. d4 Qc7 20. g4 Be7 21.
Qg2 c5 22. g5 cxd4 23. Nxd4 Qd7 24. h5 Rf4 25. Ne2 Rf5 26. Qh3 Rd8 27. g6 Rg5
28. gxh7+ Kxh7 29. Rxg5 Bxg5 30. Qd3+ Kh6 31. Qg6# 1-0

[Event "Tournoi Skype 030A"]
[Site "Skype"]
[Date "????.??.??"]
[Round "9.8"]
[White "Trivedi, Viral"]
[Black "Lambert, Pierre"]
[Result "1-0"]
[WhiteElo "1210"]
[BlackElo "1660"]
[PlyCount "37"]

1. d4 d5 2. Bf4 e6 3. e3 Nf6 4. c3 Be7 5. Nd2 Nbd7 6. Bd3 O-O 7. h4 c5 8. Ngf3
cxd4 9. exd4 Re8 10. Ne5 Nxe5 11. dxe5 Nd7 12. Nf3 a6 13. Bxh7+ Kxh7 14. Ng5+
Kg8 15. Qh5 Bxg5 16. hxg5 Kf8 17. g6 f6 18. Qh8+ Ke7 19. Qxg7# 1-0

[Event "Tournoi Skype 030A"]
[Site "Skype"]
[Date "????.??.??"]
[Round "9.9"]
[White "Ram, Madhukesh"]
[Black "Sanchez Ruiz, Justo"]
[Result "0-1"]
[WhiteElo "1245"]
[BlackElo "1550"]
[PlyCount "34"]

1. e4 d5 2. exd5 Qxd5 3. d4 Nc6 4. Nf3 Bg4 5. c3 O-O-O 6. Nbd2 Nf6 7. Bc4 Qh5
8. h3 e5 9. Qc2 Bxf3 10. Nxf3 exd4 11. cxd4 Bb4+ 12. Bd2 Rhe8+ 13. Be2 Bxd2+
14. Qxd2 Qd5 15. O-O Nxd4 16. Nxd4 Qxd4 17. Qxd4 Rxd4 0-1

[Event "Tournoi Skype 030A"]
[Site "Skype"]
[Date "????.??.??"]
[Round "9.10"]
[White "Espadina Solano, Jaime"]
[Black "Karia, Vijay"]
[Result "1-0"]
[WhiteElo "1553"]
[BlackElo "1447"]
[PlyCount "115"]

1. e4 d5 2. exd5 Qxd5 3. Nc3 Qa5 4. d4 c6 5. Nf3 Bg4 6. Be2 Nf6 7. O-O e6 8.
Ne5 Bxe2 9. Qxe2 Bd6 10. Nc4 Qc7 11. Nxd6+ Qxd6 12. Qe5 Qe7 13. Qg3 Rg8 14. Bg5
h6 15. Bxf6 Qxf6 16. Qc7 Qe7 17. Qc8+ Qd8 18. Qxb7 Nd7 19. Qxc6 Kf8 20. Qd6+
Qe7 21. Qxe7+ Kxe7 22. Rfe1 Rgc8 23. Rac1 Kf8 24. Ne4 Rab8 25. b3 Nb6 26. c4
Rd8 27. Red1 Rd7 28. Rc2 Rbd8 29. Rcd2 Kg8 30. Kf1 a5 31. Nc3 Nc8 32. Ke2 Ne7
33. g3 Nf5 34. Nb5 Kf8 35. d5 Re8 36. d6 Rc8 37. Rc1 Rc5 38. Kd1 Ke8 39. a3 Rb7
40. b4 axb4 41. axb4 Re5 42. g4 Nh4 43. f4 Re4 44. d7+ Rxd7 45. Nd6+ Rxd6 46.
Rxd6 Ke7 47. Rd3 Rxf4 48. b5 Nf3 49. c5 Nd4 50. Rxd4 Rxd4+ 51. Ke2 Rb4 52. b6
Kd7 53. Kd3 Kc6 54. Rc4 Rb1 55. Kc2 Rb5 56. Rc3 Rb4 57. Rb3 Rd4 58. b7 1-0

[Event "Tournoi Skype 030A"]
[Site "Skype"]
[Date "????.??.??"]
[Round "9.12"]
[White "Bagayatkar, Madan"]
[Black "Saponara, Jose Maria"]
[Result "1-0"]
[WhiteElo "1405"]
[BlackElo "1525"]
[PlyCount "100"]

1. e4 c6 2. d4 d5 3. Nd2 dxe4 4. Nxe4 Bf5 5. Ng3 Bg6 6. Nf3 Nf6 7. c3 e6 8. Bd3
Nbd7 9. Bf4 Be7 10. O-O Nd5 11. Be3 Qc7 12. Qe2 Bxd3 13. Qxd3 O-O 14. Bd2 Rad8
15. Rae1 Bf6 16. Ne4 Nf4 17. Nxf6+ Nxf6 18. Bxf4 Qxf4 19. g3 Qh6 20. Kg2 Rd5
21. Re5 Rfd8 22. h3 c5 23. Rxd5 Rxd5 24. Qc4 b6 25. Qa6 g5 26. Qxa7 g4 27. hxg4
Nxg4 28. Rh1 Qf6 29. Qxb6 cxd4 30. cxd4 Rf5 31. Qb7 Nxf2 32. Kxf2 Qxd4+ 33. Kg2
Qd3 34. Rf1 Rd5 35. Qc8+ Kg7 36. Qc3+ f6 37. Qxd3 Rxd3 38. Rf2 e5 39. b4 e4 40.
Nh4 Kf7 41. Rb2 Ke6 42. Kf2 Ra3 43. b5 Kd5 44. b6 Ra8 45. a4 Kd4 46. b7 Rb8 47.
a5 Kd3 48. a6 e3+ 49. Kf3 e2 50. Rxe2 Rg8 1-0

[Event "Tournoi Skype 030A"]
[Site "Skype"]
[Date "????.??.??"]
[Round "9.13"]
[White "Lovell, Stan"]
[Black "Engstrom, Olle"]
[Result "1-0"]
[WhiteElo "1511"]
[BlackElo "1438"]
[PlyCount "45"]

1. d4 Nf6 2. Nc3 g6 3. e4 d6 4. Be2 Bg7 5. Bf4 O-O 6. Qd2 Re8 7. Nf3 Bg4 8. h3
Bxf3 9. Bxf3 Nfd7 10. O-O-O e5 11. Be3 Nc6 12. d5 Ne7 13. g4 Nf8 14. h4 f6 15.
Be2 f5 16. gxf5 gxf5 17. exf5 Nxf5 18. Bg5 Qc8 19. Rdg1 Kh8 20. Ne4 Nd7 21. Bg4
Rf8 22. h5 h6 23. Bxf5 1-0

[Event "Tournoi Skype 030A"]
[Site "Skype"]
[Date "????.??.??"]
[Round "9.17"]
[White "Alvarez, Juan Evangelista"]
[Black "Pouteau, Pascal"]
[Result "1-0"]
[WhiteElo "1529"]
[BlackElo "1349"]
[PlyCount "27"]

1. Nf3 d5 2. d4 Nf6 3. g3 Nc6 4. Bg2 Bg4 5. Ne5 Nxe5 6. dxe5 Ne4 7. f3 Nxg3 8.
hxg3 Bd7 9. Qxd5 Bc6 10. Qb3 Bd5 11. Qa4+ c6 12. Nc3 b5 13. Qa6 Bc4 14. Qxc6+
1-0

[Event "Tournoi Skype 030A"]
[Site "Skype"]
[Date "????.??.??"]
[Round "9.18"]
[White "Gadow, Martin"]
[Black "Navghane, Rahul"]
[Result "0-1"]
[WhiteElo "1485"]
[BlackElo "1007"]
[PlyCount "92"]

1. c4 b6 2. Nc3 Bb7 3. Nf3 e6 4. e3 d5 5. cxd5 exd5 6. Be2 Nd7 7. a3 Bd6 8. d4
Ngf6 9. Qc2 Nf8 10. O-O Ng6 11. Nb5 c6 12. Nxd6+ Qxd6 13. Bd3 O-O 14. Bf5 Bc8
15. Bxc8 Raxc8 16. Bd2 c5 17. b4 cxd4 18. Qd3 dxe3 19. Bxe3 Rfe8 20. h3 Nf4 21.
Qf5 Ne2+ 22. Kh1 d4 23. Rad1 g6 24. Qd3 Nf4 25. Bxf4 Qxf4 26. Qxd4 Qxd4 27.
Rxd4 Re7 28. Rfd1 Rc3 29. Rd8+ Kg7 30. R1d3 Rc2 31. Rd2 Rxd2 32. Rxd2 Rc7 33.
Re2 Kf8 34. Ng5 h6 35. Ne4 Nxe4 36. Rxe4 Rc3 37. Re3 Rxe3 38. fxe3 Ke7 39. Kg1
Ke6 40. Kf2 Ke5 41. Ke2 Ke4 42. b5 h5 43. g3 g5 44. g4 hxg4 45. hxg4 f5 46.
gxf5 Kxf5 0-1

[Event "Tournoi Skype 030A"]
[Site "Skype"]
[Date "????.??.??"]
[Round "9.19"]
[White "Le Brun, Yves"]
[Black "Junqueira, Leonardo De Faria"]
[Result "0-1"]
[WhiteElo "1321"]
[BlackElo "1408"]
[PlyCount "64"]

1. d4 c5 2. dxc5 e6 3. Nf3 Bxc5 4. Bf4 Nf6 5. h3 Qb6 6. e3 Qxb2 7. Nbd2 Bb4 8.
Bd3 d5 9. O-O Nc6 10. Qe2 Qa3 11. Nb3 Bd6 12. Bxd6 Qxd6 13. Nfd4 O-O 14. c3 Bd7
15. Nxc6 Bxc6 16. Nd4 Rac8 17. Rfb1 Qc7 18. Rb4 a6 19. a4 Nd7 20. Nxc6 Qxc6 21.
c4 Ne5 22. cxd5 Qxd5 23. Bxh7+ Kxh7 24. Rh4+ Kg8 25. Qh5 Nf3+ 26. gxf3 Qxh5 27.
Rxh5 Rc4 28. Kf1 Rfc8 29. a5 g6 30. Re5 Rc2 31. Re4 Rb2 32. Rd4 Rcc2 0-1

[Event "Tournoi Skype 030A"]
[Site "Skype"]
[Date "????.??.??"]
[Round "9.20"]
[White "Bendre, Pankaj"]
[Black "Ramirez Reina, Orlando"]
[Result "0-1"]
[WhiteElo "1182"]
[BlackElo "1402"]
[PlyCount "40"]

1. d4 d5 2. Bf4 Nf6 3. Nf3 c5 4. e3 Bg4 5. c3 cxd4 6. exd4 Nc6 7. Bd3 e6 8.
Nbd2 Bd6 9. Bg5 h6 10. Bh4 g5 11. Bg3 Bxg3 12. hxg3 Kf8 13. Qc2 Kg7 14. Nh2 Bh5
15. f3 Bg6 16. g4 Qd6 17. Nhf1 e5 18. Rh3 exd4 19. cxd4 Rhe8+ 20. Ne3 Rxe3+ 0-1

[Event "Tournoi Skype 030A"]
[Site "Skype"]
[Date "????.??.??"]
[Round "9.21"]
[White "Carballo, Jorge"]
[Black "Lucena Vaz, Jose"]
[Result "1-0"]
[WhiteElo "1367"]
[BlackElo "1674"]
[PlyCount "65"]

1. e4 c5 2. d4 cxd4 3. Qxd4 Nf6 4. Nc3 Nc6 5. Qd2 e6 6. Bd3 Bb4 7. Nf3 Qc7 8.
O-O O-O 9. Re1 d6 10. a3 Ba5 11. b4 Bb6 12. Bb2 a6 13. Na4 Ba7 14. Bxf6 gxf6
15. Qh6 Qd8 16. e5 f5 17. Ng5 Qxg5 18. Qxg5+ Kh8 19. exd6 Rg8 20. Qf6+ Rg7 21.
Nc5 b6 22. Nxa6 Bb7 23. Nc7 Rd8 24. Nb5 Bb8 25. Rad1 Kg8 26. Re3 Rg6 27. Rg3
Bxd6 28. Nxd6 Rxd6 29. b5 Nd4 30. Rxg6+ hxg6 31. Re1 Rd7 32. Re3 Nxb5 33. Rh3
1-0

[Event "Tournoi Skype 030A"]
[Site "Skype"]
[Date "????.??.??"]
[Round "9.22"]
[White "Fernandez Zaldivar, Antonio"]
[Black "Hadla, Mohammad Ali"]
[Result "1-0"]
[WhiteElo "1291"]
[BlackElo "1627"]
[PlyCount "73"]

1. e4 e5 2. Nf3 Nf6 3. Nxe5 Nc6 4. Nf3 Bc5 5. Bd3 O-O 6. O-O d6 7. h3 Re8 8.
Re1 Be6 9. Bf1 Ne5 10. c3 Qd7 11. Ng5 Bc4 12. d4 Bb6 13. dxe5 Bxf1 14. Kxf1
Rxe5 15. Qc2 Rae8 16. Bf4 R5e7 17. Nd2 h6 18. Ngf3 Nh5 19. Bh2 Qb5+ 20. c4 Qc5
21. Re2 Re6 22. Nb3 Qc6 23. Nbd4 Bxd4 24. Nxd4 Qb6 25. Nxe6 Rxe6 26. Rae1 Rf6
27. e5 dxe5 28. Rxe5 g6 29. Re8+ Kh7 30. Be5 Ng3+ 31. Bxg3 Rf5 32. Qc3 g5 33.
R1e2 Qc6 34. Rh8+ Kg6 35. Qd3 h5 36. Rg8+ Kf6 37. Qc3+ 1-0

[Event "Tournoi Skype 030A"]
[Site "Skype"]
[Date "????.??.??"]
[Round "9.23"]
[White "Chavero, Victor"]
[Black "Zenini, Simone"]
[Result "1-0"]
[WhiteElo "1286"]
[BlackElo "1411"]
[PlyCount "29"]

1. d4 Nf6 2. e3 d5 3. Bd3 e6 4. Nf3 Nbd7 5. Nbd2 Be7 6. O-O O-O 7. Re1 Re8 8.
e4 dxe4 9. Nxe4 Nxe4 10. Bxe4 Nf6 11. Be3 a6 12. c3 b5 13. Bg5 h6 14. Bxf6 Bxf6
15. Bxa8 1-0

[Event "Tournoi Skype 030A"]
[Site "Skype"]
[Date "????.??.??"]
[Round "9.24"]
[White "Galani, Mahendra"]
[Black "Graham, Neil"]
[Result "1-0"]
[WhiteElo "1395"]
[BlackElo "1285"]
[PlyCount "83"]

1. e4 c5 2. Bc4 Nc6 3. Nf3 e6 4. d4 cxd4 5. Nxd4 Nf6 6. Nc3 Bb4 7. Nde2 Nxe4 8.
O-O Nxc3 9. bxc3 Bc5 10. Qe1 O-O 11. Nf4 d5 12. Bd3 e5 13. Nh5 Qh4 14. Ng3 Re8
15. Bf5 Bxf5 16. Nxf5 Qf6 17. Ng3 Re6 18. Rb1 b6 19. Qe2 Rae8 20. Qg4 e4 21.
Nh5 Qg6 22. Qxg6 Rxg6 23. Nf4 Rd6 24. Re1 Ne5 25. Ne2 Rf6 26. Nd4 Ng4 27. Re2
Bd6 28. g3 Ne5 29. Bg5 Nf3+ 30. Nxf3 Rxf3 31. Be3 Rc8 32. Rd1 Rf5 33. g4 Re5
34. Kg2 g5 35. Bd4 Re6 36. Be3 Rxc3 37. Rxd5 h6 38. Rf5 Kh7 39. Rxf7+ Kg6 40.
Rxa7 Bb4 41. Bd4 Rc4 42. Rg7# 1-0

[Event "Tournoi Skype 030A"]
[Site "Skype"]
[Date "????.??.??"]
[Round "9.26"]
[White "Lopes, Marcia Maria"]
[Black "Munoz Gonzalez, Martin"]
[Result "1/2-1/2"]
[WhiteElo "1321"]
[BlackElo "1412"]
[PlyCount "61"]

1. d4 d5 2. Bf4 Bf5 3. e3 Nf6 4. Nf3 e6 5. Bd3 Ne4 6. Nbd2 h6 7. h3 Bd6 8. O-O
Bxf4 9. exf4 Nd7 10. Re1 Ndf6 11. Bf1 O-O 12. Nxe4 Bxe4 13. g3 c6 14. Bg2 Bxf3
15. Qxf3 Ne4 16. Qd3 Nd6 17. c3 Qf6 18. h4 Qf5 19. Qxf5 Nxf5 20. Bh3 Nd6 21. a4
Nc4 22. Re2 Rfe8 23. b3 Nd6 24. Rae1 Kf8 25. Kf1 Ne4 26. Rc1 Rad8 27. Bg2 Nf6
28. Bf3 h5 29. Re5 g6 30. Rce1 Nd7 31. R5e3 1/2-1/2

[Event "Tournoi Skype 030A"]
[Site "Skype"]
[Date "????.??.??"]
[Round "9.27"]
[White "Grib, Johannes"]
[Black "Perrone, Gabriel Lorenzo"]
[Result "1/2-1/2"]
[WhiteElo "1328"]
[BlackElo "1359"]
[PlyCount "62"]

1. d4 Nf6 2. Bf4 d5 3. e3 Bf5 4. Nd2 e6 5. c3 Bd6 6. Ngf3 Bxf4 7. exf4 Nbd7 8.
Qa4 a6 9. c4 c6 10. cxd5 Nb6 11. Qa3 Nbxd5 12. Ne5 Nxf4 13. Ndf3 N4d5 14. Ng5
Bg6 15. Bd3 Bh5 16. h3 Nf4 17. Qb4 Nxg2+ 18. Kf1 Nf4 19. Qxb7 O-O 20. Rg1 Nxd3
21. Nxe6 Nxe5 22. Nxd8 Rfxd8 23. dxe5 Ne4 24. e6 Nd2+ 25. Kg2 Bf3+ 26. Kh2 Bh5
27. Kh1 c5 28. Qc7 Bf3+ 29. Kh2 Bh5 30. Kg2 Bf3+ 31. Kh2 Bh5 1/2-1/2

[Event "Tournoi Skype 030A"]
[Site "Skype"]
[Date "????.??.??"]
[Round "9.28"]
[White "Marino, Giuseppe"]
[Black "Tembhurnekar, Ritu"]
[Result "1/2-1/2"]
[WhiteElo "1339"]
[BlackElo "1011"]
[PlyCount "21"]

1. d4 d5 2. Nf3 Nf6 3. e3 e6 4. Bd3 Nbd7 5. Nbd2 h6 6. O-O c5 7. c3 Be7 8. e4
O-O 9. e5 Ne8 10. h3 f6 11. exf6 1/2-1/2

[Event "Tournoi Skype 030A"]
[Site "Skype"]
[Date "????.??.??"]
[Round "9.29"]
[White "Vaswani, Manohar"]
[Black "Pasasin, Alejandro"]
[Result "1/2-1/2"]
[WhiteElo "1226"]
[BlackElo "1304"]
[PlyCount "124"]

1. e4 e5 2. Nf3 Nc6 3. Bc4 Nf6 4. d3 Bc5 5. Bg5 O-O 6. c3 d6 7. O-O Be6 8. Nbd2
Na5 9. Bb3 Nxb3 10. Nxb3 Bb6 11. d4 h6 12. Bh4 g5 13. dxe5 Nxe4 14. Bg3 Nxg3
15. hxg3 Bg4 16. exd6 cxd6 17. Re1 Qc7 18. Nbd2 d5 19. Qb3 Qxg3 20. Qxb6 Qxf3
21. gxf3 axb6 22. fxg4 b5 23. Nf3 Rfe8 24. Rxe8+ Rxe8 25. Rd1 Re2 26. Rd2 Rxd2
27. Nxd2 Kf8 28. b3 Ke7 29. c4 bxc4 30. bxc4 d4 31. Kf1 Kd6 32. Ke2 Ke5 33. Kd3
b6 34. Nf3+ Kf4 35. Nxd4 Kxg4 36. Ke3 h5 37. f3+ Kg3 38. Nf5+ Kg2 39. Nh6 f6
40. Nf7 h4 41. Nh6 h3 42. Ng4 f5 43. Nf2 Kg3 44. Ke2 Kg2 45. a4 g4 46. fxg4
fxg4 47. Nxg4 h2 48. Nxh2 Kxh2 49. Kd3 Kg3 50. Kc3 Kf4 51. Kb4 Ke5 52. Kb5 Kd4
53. Kb4 Ke5 54. c5 bxc5+ 55. Kxc5 Ke6 56. a5 Kd7 57. Kb6 Kc8 58. Ka7 Kc7 59. a6
Kc8 60. Ka8 Kc7 61. Ka7 Kc8 62. Kb6 Kb8 1/2-1/2

[Event "Tournoi Skype 030A"]
[Site "Skype"]
[Date "????.??.??"]
[Round "9.30"]
[White "Sequeda Pimiento, Javier Ricardo"]
[Black "Escudero Ocana, Francisco"]
[Result "1-0"]
[WhiteElo "1434"]
[BlackElo "1393"]
[PlyCount "57"]

1. e4 e5 2. Nf3 Nc6 3. d4 exd4 4. Nxd4 Bc5 5. Be3 Nf6 6. Nxc6 dxc6 7. Qxd8+
Kxd8 8. Bxc5 Nxe4 9. Be3 Re8 10. Bd3 f5 11. O-O g6 12. Nd2 b5 13. Nxe4 fxe4 14.
Be2 Be6 15. Rad1+ Bd5 16. b3 b4 17. Bc5 Re5 18. Bxb4 Kd7 19. c4 Rb8 20. Bc3 Rf5
21. cxd5 cxd5 22. Bg4 e3 23. Bxf5+ gxf5 24. Rxd5+ Ke6 25. Re5+ Kf6 26. Re8+ Kg5
27. Rxb8 e2 28. Re1 h5 29. Rxe2 1-0

[Event "Tournoi Skype 030A"]
[Site "Skype"]
[Date "????.??.??"]
[Round "9.31"]
[White "Davis, Michael"]
[Black "Sauvaget, Joel"]
[Result "1/2-1/2"]
[WhiteElo "1359"]
[BlackElo "1290"]
[PlyCount "46"]

1. e4 e5 2. Nf3 d6 3. Bc4 h6 4. Nc3 Nf6 5. d3 Be7 6. O-O O-O 7. h3 a6 8. d4
exd4 9. Nxd4 Bd7 10. Re1 Nc6 11. Be3 Ne5 12. Bb3 Bc6 13. Nf5 Bxe4 14. Nxe4 Nxe4
15. Bxh6 gxh6 16. Rxe4 Kh7 17. Qh5 Bg5 18. f4 Rg8 19. fxg5 Qxg5 20. Qxg5 Rxg5
21. Rf1 Rag8 22. g4 h5 23. Ne7 Rf8 1/2-1/2